Infonations Chimie

Đã lưu trong:
Sonraí Bibleagrafaíochta
Príomhúdar: Pharmuka
Formáid: Leabhar
Teanga:Undetermined
Foilsithe: Paris Groupe Péchiney Ugine Kuhlmann 1976
Ábhair:
Clibeanna: Cuir Clib Leis
Gan Chlibeanna, Bí ar an gcéad duine leis an taifead seo a chlibeáil!
Thư viện lưu trữ: Trung tâm Học liệu Trường Đại học Cần Thơ
LEADER 00465nam a2200181Ia 4500
001 CTU_98965
008 210402s9999 xx 000 0 und d
082 |a 615.1 
082 |b P536 
100 |a Pharmuka 
245 0 |a Infonations Chimie 
245 0 |c Pharmuka 
260 |a Paris 
260 |b Groupe Péchiney Ugine Kuhlmann 
260 |c 1976 
650 |a Chemistry,Technical 
904 |i Hiếu 
980 |a Trung tâm Học liệu Trường Đại học Cần Thơ